Jak ovlivní e-business pojišťovnictví?

Predpokladaný budúci vývoj poisťovníctva vychádza z niekoľkých základných hypotéz. Krátkodobý a strednodobý horizont vývoja - nová éra poisťovníctva. Dlhodobý vývoj - orientácia na hlavné kompetencie.

Salvato in:
Dettagli Bibliografici
Natura: Capitolo di libro
Lingua:ceco
Soggetti:
Tags: Aggiungi Tag
Nessun Tag, puoi essere il primo ad aggiungerne!!

MARC

LEADER 00000naa a2200000 4500
001 r042806
005 20230922100305.4
041 0 |a cze 
044 |a CZ 
245 1 0 |a Jak ovlivní e-business pojišťovnictví? 
520 |a Predpokladaný budúci vývoj poisťovníctva vychádza z niekoľkých základných hypotéz. Krátkodobý a strednodobý horizont vývoja - nová éra poisťovníctva. Dlhodobý vývoj - orientácia na hlavné kompetencie. 
610 2 0 |a poisťovníctvo 
610 2 0 |a vývoj 
610 2 0 |a prognózy dlhodobé 
610 2 0 |a prognózy krátkodobé